| 000 | 01065nabaa22002177a 4500 | ||
|---|---|---|---|
| 999 |
_c6290 _d6290 |
||
| 003 | OSt | ||
| 005 | 20260129004420.0 | ||
| 008 | 190701b xxu||||| |||| 00| 0 spa d | ||
| 040 | _cPJ | ||
| 100 |
_96981 _aCapponi, Agustina |
||
| 245 | 1 | 3 |
_a La estabilidad fiscal como un derecho adquirido asimilable a la propiedad en el RIGI. Análisis basado en sus antecedentes / _cAgustina Capponi. |
| 300 | _ap. 158-168 | ||
| 500 | _aCita: TR LALEY AR/DOC/441/2025 | ||
| 505 | _aSumario: I. Introducción.— II. Estabilidad fiscal: concepto, alcances y problemáticas.— III. Antecedentes legislativos.— IV. Fallos destacados.— V. La estabilidad fiscal en el RIGI.— VI. Conclusión. | ||
| 505 | _t¿Te interesa el texto completo? Comunicate al correo: koha@justierradelfuego.gov.ar | ||
| 650 | 0 |
_9211 _aDERECHO ADMINISTRATIVO |
|
| 650 | 0 |
_9200 _aDECRETOS DE NECESIDAD Y URGENCIA |
|
| 650 | 0 |
_96430 _aINVERSIONES |
|
| 773 | 0 |
_02842 _93251 _dBuenos Aires : AbeledoPerrot, 2012- _oDA121 _tDerecho administrativo. Nº 158 marzo/abril 2025 _z18510590 |
|
| 942 |
_2udc _cANA |
||